000 00563nam a22002057a 4500
005 20251108172223.0
008 250721s2003 xx 000 0 eng d
082 1 4 _a216.7/MAH
100 1 _amahmud, abdulhamid
_eمحرر
245 1 0 _aprohibited acts and sayings in islam /
246 1 1 _aالمحرمات في الإسلام
264 1 _acairo :
_bdar el -farouk,
_c2003.
300 _a376p.
650 1 7 _aislam
650 1 7 _aprovisions of sharia
650 1 7 _akoran judgements
650 1 7 _aislamic jursprudence
942 _2ddc
_cBK
999 _c73478
_d73478